000 01033cam a2200253 i 4500
003 SA-RiAUC
005 20251116130748.0
008 251113s1993 su g 000 0 ara c
040 _aSA-JeALM
_bara
_cSA-RiAUC
_erda
082 0 4 _a252.2
_qSA-RiAUC
090 _a252.2
_bا ب و ز
100 1 _aأبو زيد، بكر بن عبد الله،
_d1365-1429 هجري
_eمؤلف.
245 1 0 _aلاجديد في أحكام الصلاة :
_bبزيادة عدم مشروعية ضم العقبين في السجود /
_cتأليف بكر بن عبد الله أبو زيد.
250 _aالطبعة الأولى.
264 1 _aالرياض :
_bدار العاصمة،
_c1998
300 _a69 صفحة ؛
_c22 سم
336 _aنص
_btxt
_2rdacontent
_3كتاب
337 _aبدون وسيط
_bn
_2rdamedia
338 _aمجلد
_bnc
_2rdacarrier
650 7 _aالصلاة (إسلام)
_2aucsh
650 4 _aالصلاة (فقه إسلامي)
_xعبادات
942 _2ddc
_cBOOK
_n0
949 _aSA-JeALM
_d251113
_umohamedma123
_n1
999 _c13276
_d13276